Cours de psychologie expérimentale (Record no. 164712)

MARC details
000 -LEADER
campo de control de longitud fija 00946nam a22002295i 4500
001 - NÚMERO DE CONTROL
campo de control 164712
003 - IDENTIFICADOR DE NÚMERO DE CONTROL
campo de control ES-MaACL
005 - FECHA Y HORA DE LA ÚLTIMA TRANSACCIÓN
campo de control 20250822032224.0
008 - DATOS DE LONGITUD FIJA--INFORMACIÓN GENERAL
campo de control de longitud fija 980123s1900 fr |||| | fre d
100 1# - ENTRADA PRINCIPAL--NOMBRE DE PERSONA
Nombre de persona Sanford, Edmund T.
9 (RLIN) 132411
245 10 - MENCIÓN DEL TÍTULO
Título Cours de psychologie expérimentale
Resto del título : sensations et perceptions /
Mención de responsabilidad, etc. par Edmund T. Sanford ; traduit de l'anglais par Albert Schinz ; revu par M. Bourdon.
260 ## - PUBLICACIÓN, DISTRIBUCIÓN, ETC.
Lugar de publicación, distribución, etc. Paris :
Nombre del editor, distribuidor, etc. Schleicher Frères :
-- Librairie C. Reinwald,
Fecha de publicación, distribución, etc. 1900.
300 ## - DESCRIPCIÓN FÍSICA
Extensión VI, 477 p. :
Otras características físicas il ;
Dimensiones 23 cm.
490 1# - MENCIÓN DE SERIE
Mención de serie Bibliothèque de pédagogie et de psychologie ;
Designación de volumen o secuencia 2
650 07 - PUNTO DE ACCESO ADICIONAL DE MATERIA--TÉRMINO DE MATERIA
Término de materia o nombre geográfico como elemento de entrada Psicología experimental
Fuente del encabezamiento o término embne
9 (RLIN) 16564
650 00 - PUNTO DE ACCESO ADICIONAL DE MATERIA--TÉRMINO DE MATERIA
Término de materia o nombre geográfico como elemento de entrada Sentidos.
9 (RLIN) 17046
700 1# - ENTRADA AGREGADA--NOMBRE PERSONAL
Nombre de persona Schinz, Albert.
9 (RLIN) 104378
700 1# - ENTRADA AGREGADA--NOMBRE PERSONAL
Nombre de persona Bourdon, B.
9 (RLIN) 30969
830 1# - PUNTO DE ACCESO ADICIONAL DE SERIE-TÍTULO UNIFORME
Título uniforme Bibliothèque de pédagogie et de psychologie ;
Designación de volumen o secuencia 2
9 (RLIN) 222366
852 ## - LOCALIZACIÓN
Ubicación ES-MaACL
Número de control de estantería B-5592
Nota libre - Enc. pasta española conservando cub. original
Holdings
Estatus retirado Estado de pérdida Estado de daño No para préstamo Colección Biblioteca de origen Biblioteca actual Ubicación en estantería Fecha de adquisición Fuente de adquisición Total de préstamos Signatura topográfica completa Código de barras Visto por última vez Precio de reemplazo Tipo de ítem Koha
        Libros del s. XIX Biblioteca del Ateneo de Madrid Biblioteca del Ateneo de Madrid Sala Pardo Bazán 17/01/2008     B-5592 1172660 23/02/2023 23/02/2023 Libro impreso antiguo